| 000 | 00627nam a22001817a 4500 | ||
|---|---|---|---|
| 003 | CEME | ||
| 005 | 20210628202954.0 | ||
| 008 | 210126b xxu||||| |||| 00| 0 eng d | ||
| 020 | _a1-56347-665-7 | ||
| 040 | _c. | ||
| 082 | _a629.1 AIA | ||
| 100 |
_aDriels, Morris. R _962645 |
||
| 245 | _aWeaponeering: conventioanl weapon system effectiveness | ||
| 260 |
_aNEW YORK _bAIAA _c2004 |
||
| 300 | _aXXIX,473 P | ||
| 650 |
_aUNITED STATES- ARMED FORCES- WEAPON SYSTEMS- EVALUATION.WEAPONEERING PROCESS.WEAPON TRAJECTORY.DELIVERY ACCURACY.AIR TO SURFACE WEAPONEERING.SURFACE TO SURFACE WEAPONEERING. _962646 |
||
| 942 |
_cBK _2ddc |
||
| 999 |
_c571693 _d571693 |
||